Everyman's war: strategy, security and terrorism in India (Record no. 26218)

000 -LEADER
fixed length control field 00378nam a2200133Ia 4500
008 - FIXED-LENGTH DATA ELEMENTS--GENERAL INFORMATION
fixed length control field 230413s9999||||xx |||||||||||||| ||und||
020 ## - INTERNATIONAL STANDARD BOOK NUMBER
International Standard Book Number 9788184004267
082 ## - DEWEY DECIMAL CLASSIFICATION NUMBER
Classification number 303.6250954
Item number R1657
100 ## - MAIN ENTRY--PERSONAL NAME
Personal name Raman, Raghu
245 #0 - TITLE STATEMENT
Title Everyman's war: strategy, security and terrorism in India
260 ## - PUBLICATION, DISTRIBUTION, ETC. (IMPRINT)
Place of publication, distribution, etc Noida
Name of publisher, distributor, etc Random House Publishers India
Date of publication, distribution, etc 2013
300 ## - PHYSICAL DESCRIPTION
Extent 214 p.
942 ## - ADDED ENTRY ELEMENTS (KOHA)
Item type Books
Holdings
Withdrawn status Lost status Damaged status Not for loan Permanent location Current location Date acquired Source of acquisition Full call number Barcode Date last seen Koha item type
        IMU Kolkata IMU Kolkata 2023-04-13 Gifted by Shailendra S Kathait (6049) 303.6250954 R1657 G00483 2023-04-13 Books
Designed and Maintained by IMU-KC Library, Kolkata Campus © Copyright All Rights Reserved

webs counters

Powered by Koha